1496 1142 1740 1616 1328 1452 1232 1770 1615 1214 1971 1358 1470 1897 1047 1319 1281 1389 1986 1327 1263 1672 1008 1138 1234 1712 1712 1324 1121 1486 1760 1712 1267 1062 1105 1567 1167 1865 1680 1799 1356 1118 1580 1250 1665 1870 1542 1466 1683 1061 1918 1157 1867 1262 1024 1460 1571 1449 1021 1853 1435 1109 1304 1785 1104 1774 1474 1108 1953 1887 1430 1359 1924 1152 1507 1630 1727 1918 1316 1017 1549 1443 1723 1364 1921 1654 1596 1352 1821 1464 1510 1268 1835 1268 1889 1571 1076 1461 1565 BCNSPRNW ULIB Ver.6.0+V

เปลี่ยนเป็นภาษาไทย

Change to English
 แสดงรายละเอียดบรรณานุกรม
  กลับหน้าหลัก

Brief Record : Get Marc (ISO 2709) : E-mail record : QR code < ปิดหน้าต่าง
LEADER : 00000nam 2200000uu 4500
001    13399124054
003     ULIB
008    150106s2556||||th 000 0 tha d
020    ^a9789744226914
060 04 ^aWI750^bห459
110 1  ^aกรมการแพทย์.^bโรงพยาบาลราชวิถี.^bกลุ่มงานศัลยศาสตร์.^bงานศัลยศาสตร์ทั่วไป.^bศูนย์ส่องกล้องทางเดินอาหาร.
245 00 ^aหัตถการการส่องกล้องระบบทางเดินน้ำดีและตับอ่อน =^bPractical ERCP /^c[บรรณาธิการ] สุกิจ พันธุ์พิมานมาศ, ทวี รัตนชูเอก
246 31 ^aPractical ERCP
250    ^aพิมพ์ครั้งที่ 1
260    ^aกรุงเทพฯ :^bกรุงเทพเวชสาร,^c2556
300    ^aก-ง, 108 หน้า :^bภาพประกอบสี ;^c25 ซม.
650  2 ^aCholangiopancreatography, Endoscopic Retrograde
650  4 ^aทางเดินน้ำดี^xศัลยกรรมส่องกล้อง
650  4 ^aตับอ่อน^xศัลยกรรมส่องกล้อง
650  4 ^aการส่องกล้อง
650  4 ^aศัลยกรรมส่องกล้อง
700 0  ^aสุกิจ พันธุ์พิมานมาศ,^eบรรณาธิการ
700 0  ^aทวี รัตนชูเอก,^eบรรณาธิการ
945    ^p600^l0^i037974
945    ^p600^l0^i037975
945    ^p600^l0^i037976
945    ^p600^l0^i037977
945    ^p600^l0^i037978
945    ^p600^l0^i037979
945    ^p600^l0^i037980
945    ^p600^l0^i037981
999    ^aเกษร โพธิ์สุวรรณ
รายการนี้ยังไม่มีแท็ก
คุณยังไม่ได้ล็อกอิน คุณสามารถมีกิจกรรมร่วมกับเว็บไซต์ได้ แต่ต้องล็อกอินก่อน ::
  ล็อกอิน

รายการสื่อสารสนเทศ

ลำดับที่ ประเภท เลขเรียก/บาร์โค้ด สถานที่ สถานะ
1. วิทยาศาสตร์การแพทย์ และสุขภาพ
หนังสือสำรอง
สถานะ=หนังสือสำรอง
WI750 ห459 ฉ.1 
  Barcode: 037974
ห้องสมุดวิทยาเขตสวรรค์ประชารักษ์
►ส่วนจัดเก็บหนังสือเก่า สปร
บนชั้น
  ขอยืม
2. วิทยาศาสตร์การแพทย์ และสุขภาพ
วิทยาศาสตร์การแพทย์ และสุขภาพ
WI750 ห459 ฉ.2 
  Barcode: 037975
ห้องสมุดวิทยาเขตสวรรค์ประชารักษ์
►ส่วนจัดเก็บหนังสือเก่า สปร
บนชั้น
  ขอยืม
3. วิทยาศาสตร์การแพทย์ และสุขภาพ
วิทยาศาสตร์การแพทย์ และสุขภาพ
WI750 ห459 ฉ.3 
  Barcode: 037976
ห้องสมุดวิทยาเขตสวรรค์ประชารักษ์
►ส่วนจัดเก็บหนังสือเก่า สปร
บนชั้น
  ขอยืม
4. วิทยาศาสตร์การแพทย์ และสุขภาพ
วิทยาศาสตร์การแพทย์ และสุขภาพ
WI750 ห459 ฉ.4 
  Barcode: 037977
ห้องสมุดวิทยาเขตสวรรค์ประชารักษ์
►ส่วนจัดเก็บหนังสือเก่า สปร
บนชั้น
  ขอยืม
5. วิทยาศาสตร์การแพทย์ และสุขภาพ
วิทยาศาสตร์การแพทย์ และสุขภาพ
WI750 ห459 ฉ.5 
  Barcode: 037978
ห้องสมุดวิทยาเขตสวรรค์ประชารักษ์
►ส่วนจัดเก็บหนังสือเก่า สปร
บนชั้น
  ขอยืม
6. วิทยาศาสตร์การแพทย์ และสุขภาพ
วิทยาศาสตร์การแพทย์ และสุขภาพ
WI750 ห459 ฉ.6 
  Barcode: 037979
ห้องสมุดวิทยาเขตสวรรค์ประชารักษ์
►ส่วนจัดเก็บหนังสือเก่า สปร
บนชั้น
  ขอยืม
7. วิทยาศาสตร์การแพทย์ และสุขภาพ
วิทยาศาสตร์การแพทย์ และสุขภาพ
WI750 ห459 ฉ.7 
  Barcode: 037980
ห้องสมุดวิทยาเขตสวรรค์ประชารักษ์
►ส่วนจัดเก็บหนังสือเก่า สปร
บนชั้น
  ขอยืม
8. วิทยาศาสตร์การแพทย์ และสุขภาพ
วิทยาศาสตร์การแพทย์ และสุขภาพ
WI750 ห459 ฉ.8 
  Barcode: 037981
ห้องสมุดวิทยาเขตสวรรค์ประชารักษ์
►ส่วนจัดเก็บหนังสือเก่า สปร
บนชั้น
  ขอยืม

รายการใกล้เคียง
    หัวเรื่อง [Cholangiopancreatography, Endoscopic Retrograde]
    หัวเรื่อง [การส่องกล้อง]
    หัวเรื่อง [ศัลยกรรมส่องกล้อง]

BibComment


ยังไม่เคยถูกคอมเมนท์

คอมเมนท์ทรัพยากรรายการนี้
  คอมเมนท์: หัตถการการส่องกล..


 Copyright 2026. Bcnsprnw @Library